=LDR 00000nam 2200000 4500 =001 INLIS000000000042629 =005 20131008015430 =008 ***********************************Ind** =035 ##$$0010-101300000000551 =041 ##$$a Ind =082 ##$$a 616.238 =090 ##$$a 616.238, Cla s =100 ##$$a Claudia SW. Plottel =245 ##$$a 100 tanya jaw2ab mengenai asma, Claudia S. Plottel; penerjemah, Rizqi Akbarini =260 ##$$a 2010 $b Jakarta =300 ##$$a xi, 333 hlm., ilus, 23 cm =650 ##$$a Asma =700 ##$$a Rzqi Akbarini =850 ##$$a NBPNMAT =990 ##$$a 0001/BPAP-NTB/2015 =990 ##$$a 0044/BPAP-NTB/2017